[Event "POL-ch Rapid U18 Girls"]
[Site "Bydgoszcz"]
[Date "2023.08.30"]
[Round "9"]
[White "Ejsymont, Blanka"]
[Black "Debowska, Olga"]
[Result "1/2-1/2"]
[WhiteElo "1521"]
[BlackElo "1282"]
[PlyCount "125"]
[EventDate "2023.08.28"]
[EventType "swiss"]
[EventRounds "11"]
[EventCountry "POL"]
[SourceTitle "EXT 2024"]
[Source "ChessBase"]
[SourceDate "2023.10.10"]
[SourceVersion "1"]
[SourceVersionDate "2023.10.10"]
[SourceQuality "1"]

1. e4 e5 2. Nf3 Nc6 3. d4 exd4 4. Bc4 d6 5. Nxd4 Nxd4 6. Qxd4 Qf6 7. Qd1 Be6 8. Bxe6 Qxe6 9. Nc3 Nf6 10. 0-0 Be7 11. Re1 0-0 12. Bg5 a6 13. Nd5 Rac8 14. Qf3 Rfe8 15. Nxe7+ Rxe7 16. Qc3 h6 17. Bxf6 Qxf6 18. Qb3 b6 19. c3 Rce8 20. Qc4 a5 21. f3 Qe6 22. Qd3 Qg6 23. Rad1 Kf8 24. Re2 Qg5 25. Rde1 Qc5+ 26. Qd4 Qxd4+ 27. cxd4 f5 28. e5 g5 29. g3 dxe5 30. dxe5 f4 31. gxf4 gxf4 32. Re4 Rf7 33. Rd1 Rf5 34. Rde1 Re7 35. Kf2 h5 36. e6 Kg7 37. Rd1 Kf6 38. Rd7 b5 39. Rxe7 Kxe7 40. Ke2 Rf6 41. Kd3 Rxe6 42. Rxf4 Re5 43. b3 Ke6 44. a4 c6 45. Rf8 Rd5+ 46. Kc3 Rc5+ 47. Kb2 bxa4 48. bxa4 Rf5 49. Re8+ Kd5 50. Re4 Rxf3 51. Rh4 Rf5 52. Kc3 c5 53. h3 Rg5 54. Kc2 Re5 55. Kc3 Re3+ 56. Kd2 Re5 57. Kc3 Re3+ 58. Kd2 Re5 59. Kc3 Re3+ 60. Kc2 Re5 61. Kc3 Re3+ 62. Kd2 Re5 63. Kc3 1/2-1/2

[Event "POL-ch Rapid U18 Girls"]
[Site "Bydgoszcz"]
[Date "2023.08.30"]
[Round "7"]
[White "Kolodziej, Lena"]
[Black "Debowska, Olga"]
[Result "0-1"]
[WhiteElo "1166"]
[BlackElo "1282"]
[PlyCount "214"]
[EventDate "2023.08.28"]
[EventType "swiss"]
[EventRounds "11"]
[EventCountry "POL"]
[SourceTitle "EXT 2024"]
[Source "ChessBase"]
[SourceDate "2023.10.10"]
[SourceVersion "1"]
[SourceVersionDate "2023.10.10"]
[SourceQuality "1"]

1. e4 Nc6 2. Nf3 e5 3. Bc4 Bc5 4. d3 d6 5. h3 Nf6 6. c3 Qe7 7. a4 a5 8. Be3 Bxe3 9. fxe3 0-0 10. Nbd2 Be6 11. Bxe6 Qxe6 12. Qb3 Qxb3 13. Nxb3 Ra6 14. Nbd2 Rb6 15. b3 Re8 16. Rb1 Kf8 17. Nc4 Ra6 18. 0-0 h6 19. Kh2 Raa8 20. g4 Nh7 21. Rf2 Re7 22. Nh4 Kg8 23. Rbf1 Ng5 24. Nf5 Rd7 25. h4 Nh7 26. Kh3 b6 27. Kh2 Rf8 28. Kh3 Ne7 29. Nxe7+ Rxe7 30. Nd2 Re6 31. Nb1 Rf6 32. Na3 Rc8 33. Rf5 Rxf5 34. exf5 Nf6 35. e4 Kf8 36. c4 Nd7 37. Rc1 Nc5 38. Rc3 Ke7 39. Kg3 Kd7 40. h5 Rg8 41. Kh4 c6 42. Kh3 Ke7 43. Nc2 Kd7 44. Ne3 g6 45. hxg6 fxg6 46. Kh4 Rg7 47. f6 Rf7 48. g5 h5 49. Nf1 Ne6 50. Ng3 Nf4 51. Nf1 Rf8 52. Nh2 Ne2 53. Rc2 Nd4 54. Rc3 Rf7 55. Kh3 Ne2 56. Rc2 Nf4+ 57. Kh4 Nxd3 58. Rc3 Nc5 59. Re3 Ne6 60. Rc3 Nc5 61. Re3 Ke6 62. Nf3 Kd7 63. Nh2 Ne6 64. Nf3 Rf8 65. Rd3 Kc7 66. Re3 Rf7 67. Rd3 Nf4 68. Rd1 Ng2+ 69. Kg3 Nf4 70. Kh4 Ne6 71. Rd3 Nc5 72. Re3 Nd7 73. Rd3 Rf8 74. Kh3 Nc5 75. Re3 Ne6 76. Kh4 Nf4 77. Kg3 Kd7 78. Kh4 Ke6 79. Kg3 Rf7 80. Kh2 Rh7 81. Kg3 h4+ 82. Nxh4 Rxh4 83. Re1 Rh3+ 84. Kg4 Rh7 85. Rd1 Ne2 86. Re1 Nd4 87. Re3 Rf7 88. Rh3 Ne2 89. Rh6 Nf4 90. Rh2 Kd7 91. Rh1 Ke6 92. Rh2 d5 93. exd5+ cxd5 94. cxd5+ Kxd5 95. Rd2+ Ke6 96. Rf2 Nh5 97. Re2 Rd7 98. Rf2 Kf7 99. Rf3 Rd4+ 100. Kh3 Nf4+ 101. Kg3 Rd3 102. Rxd3 Nxd3 103. Kf3 Nc5 104. Ke3 Nxb3 105. Ke4 Ke6 106. Ke3 Nc5 107. Kf3 Nxa4 0-1